| 000 | 00655cam a22002173a 4500 | ||
|---|---|---|---|
| 001 | 39623 | ||
| 003 | PGUSA | ||
| 005 | 20140828083859.0 | ||
| 008 | 120505s2012||||xxu|||||s|||||000 | eng d | ||
| 040 |
_aPGUSA _beng |
||
| 042 | _adc | ||
| 100 | 1 |
_aLermontov, Mikhail Iurevich, _d1814-1841 |
|
| 245 | 1 | 0 |
_aDer Held unserer Zeit : _bKaukasische Lebensbilder _h[electronic resource] / _cMikhail Iurevich Lermontov |
| 260 |
_bProject Gutenberg, _c2012 |
||
| 506 | _aPublic domain in the USA. | ||
| 516 | _aElectronic text | ||
| 700 | 1 | _aBoltz, August | |
| 830 | 0 |
_aProject Gutenberg _v39623 |
|
| 856 | 4 | 0 | _uhttp://www.gutenberg.org/ebooks/39623 |
| 942 | _cEB | ||
| 999 |
_c268876 _d268876 |
||